000 00581nam a2200205Ia 4500
005 20250508163507.0
008 008 250505s9999 xx 000 0 eng d
037 _aTextual
040 _aFEDL
_beng
_cFEDL
041 _aeng
_2eng
084 _a370.19, BRO
_qFEDL
100 _aBrookover Wilbur B.
_9139773
245 0 _aSociety schools and learning
260 _aBoston, USA
_bAllyn and Bacon
_c1969
300 _a149p.
650 _aEducation-Sociology
700 _a Erickson Edsel L.
_9775449
942 _cTEXL
_h370.19, BRO
999 _c1383672
_d1383672